|
|
|
|
| LEADER |
00000nam0a2200000 4500 |
| 001 |
142784 |
| 005 |
20231031142855.0 |
| 029 |
1 |
0 |
|a RU
|b 50.3.001-96
|c Р
|
| 035 |
|
|
|a (RuTPU)RU\TPU\book\154737
|
| 035 |
|
|
|a RU\TPU\book\154726
|
| 090 |
|
|
|a 142784
|
| 100 |
|
|
|a 20080911d1996 k y0rusy50 ca
|
| 101 |
0 |
|
|a rus
|
| 102 |
|
|
|a RU
|
| 105 |
|
|
|a y l 000zy
|
| 200 |
1 |
|
|a Оплата работ по сертификации и услуг
|e Рекомендации по сертификации. Р 50.3.001-96
|f Российская Федерация, Комитет по стандартизации, метрологии и сертификации (Госстандарт России)
|
| 205 |
|
|
|a Изд. офиц.
|
| 210 |
|
|
|a Москва
|c Госстандарт России
|d 1996
|
| 215 |
|
|
|a 20 с.
|
| 225 |
1 |
|
|a Рекомендации по сертификации
|
| 229 |
|
|
|a Введены в действие Постановлением Госстандарта России от 14 марта 1996 г. № 167
|a Взаменн "Временного порядка оплаты работ по сертификации и услуг", утвержденных приказом Госстандарта России от 20 сентября 1994 г. № 149
|
| 610 |
1 |
|
|a рекомендации по сертификации
|
| 610 |
1 |
|
|a сертификация
|
| 610 |
1 |
|
|a продукция
|
| 610 |
1 |
|
|a услуги
|
| 610 |
1 |
|
|a органы сертификации
|
| 610 |
1 |
|
|a испытательные лаборатории
|
| 610 |
1 |
|
|a сертификаты соответствия
|
| 610 |
1 |
|
|a лицензии
|
| 610 |
1 |
|
|a системы качества
|
| 610 |
1 |
|
|a контроль
|
| 610 |
1 |
|
|a трудоемкость
|
| 610 |
1 |
|
|a рентабельность
|
| 610 |
1 |
|
|a прибыль
|
| 610 |
1 |
|
|a безопасность
|
| 610 |
1 |
|
|a оплата
|
| 675 |
|
|
|a 658(083)
|v 3
|
| 712 |
0 |
1 |
|a Российская Федерация
|b Комитет по стандартизации, метрологии и сертификации (Госстандарт России)
|c (1992-1996)
|2 stltpush
|3 (RuTPU)RU\TPU\col\12456
|
| 801 |
|
1 |
|a RU
|b 63413507
|c 20070315
|g PSBO
|
| 801 |
|
2 |
|a RU
|b 63413507
|c 20221208
|g PSBO
|
| 942 |
|
|
|c BK
|